Diseño de la imagen gráfica y aplicaciones en medios de comunicación impresos para el Programa Institucional de Consumo Responsable en el ITESO campus Guadalajara /
Збережено в:
| Автор: | |
|---|---|
| Інші автори: | |
| Формат: | Дисертація Книга |
| Мова: | Іспанська |
| Предмети: | |
| Теги: |
Немає тегів, Будьте першим, хто поставить тег для цього запису!
|
MARC
| LEADER | 00000nam^a2200000^a^4500 | ||
|---|---|---|---|
| 001 | 000183546 | ||
| 005 | 20250521000000.0 | ||
| 009 | 20260310102044.743 | ||
| 037 | |a Acervo ITESO - Biblioteca | ||
| 041 | |a ESP | ||
| 090 | |a DIS. 91 | ||
| 100 | |a Gutiérrez Barba, Cecilia Lizette |e (autor) | ||
| 245 | 1 | 0 | |a Diseño de la imagen gráfica y aplicaciones en medios de comunicación impresos para el Programa Institucional de Consumo Responsable en el ITESO campus Guadalajara / |c C.L. Gutiérrez Barba, J.A. Márquez Pastrana. |
| 264 | |a Guadalajara, México : |b edición de autor, |c 2005 | ||
| 300 | |a 1 disco compacto de computadora | ||
| 336 | |a datos para computadora |b cod |2 rdacontenido | ||
| 337 | |a computadora |b c |2 rdamedio | ||
| 338 | |a disco de computadora |b cd |2 rdasoporte | ||
| 502 | |a ITESO Tesis de Licenciatura en Diseño | ||
| 610 | |a ITESO | ||
| 649 | |a XX | ||
| 650 | |a Diseño del Producto | ||
| 650 | |a Publicidad | ||
| 650 | |a Campañas Publicitarias | ||
| 650 | |a Consumo | ||
| 650 | |a Conservación y Protección Ambiental | ||
| 650 | |a Universidades Privadas - |z Guadalajara, Jalisco | ||
| 650 | |a Universidades Privadas - |z Jalisco | ||
| 650 | |a Universidades Privadas - |z México | ||
| 650 | |a Universidades Católicas - |z Guadalajara, Jalisco | ||
| 650 | |a Universidades Católicas - |z Jalisco | ||
| 650 | |a Universidades Católicas - |z México | ||
| 650 | |a Instituciones Educativas - |z Guadalajara, Jalisco | ||
| 650 | |a Instituciones Educativas - |z Jalisco | ||
| 650 | |a Instituciones Educativas - |z México | ||
| 650 | |a Educación Privada - |z Guadalajara, Jalisco | ||
| 650 | |a Educación Privada - |z Jalisco | ||
| 650 | |a Educación Privada - |z México | ||
| 650 | |a Educación Superior - |z Guadalajara, Jalisco | ||
| 650 | |a Educación Superior - |z Jalisco | ||
| 650 | |a Educación Superior - |z México | ||
| 650 | |a Educación Ambiental | ||
| 650 | |a Diseño Gráfico | ||
| 650 | |a Comunicación Visual | ||
| 650 | |a Comunicación Masiva | ||
| 700 | |a Márquez Pastrana, José Alberto |e (autor) | ||
| 910 | |a Fondo General | ||
| 920 | |a Electrónicos - Tesis del ITESO en Disco | ||
| 905 | |a 202 | ||
| 901 | |a 0500124209 |b IT2 |c STS |u 20250521 | ||
| 902 | |a https://opac.biblio.iteso.mx/vufind/Record/000183546 | ||